El taoísmo y las religiones chinas

Saved in:
Bibliografiske detaljer
Hovedforfatter: Maspero, Henri (autor)
Format: Bog
Sprog:spansk
Udgivet: Valladolid Trotta 2000
Serier:Colección Paradigmas, 25
Fag:
Tags: Tilføj Tag
Ingen Tags, Vær først til at tagge denne postø!

MARC

LEADER 00000nam a2200000 a 4500
001 UCO6086
003 CL-VaPUC
008 001006e20000000SP |||||||||||||||||spa|d
082 0 4 |a 299.514  |b MAS  |2 21 
100 |a Maspero, Henri  |e autor  |9 450932 
245 1 3 |a El taoísmo y las religiones chinas 
300 |a 636 p 
942 |c BK 
945 |d 20001006 00:00:00  |a vberengu 
260 |a Valladolid  |b Trotta  |c 2000 
650 7 |a BUDISMO  |2 CL-VaPUC  |9 450933 
650 7 |a FILOSOFIA CHINA  |2 CL-VaPUC  |9 266932 
650 0 |a Filosofía oriental  |9 319113 
650 0 |a Religiones orientales  |9 416768 
651 0 |a China   |9 257545 
583 |a last modification  |c 20001006 00:00:00  |k Rodrigo Vera 
490 0 |a Colección Paradigmas, 25 
999 |c 291875  |d 291873 
952 |0 0  |1 0  |4 0  |6 299_514000000000000_MAS_2000  |7 0  |8 A  |9 342155  |a BIBTEO  |b BIBTEO  |d 2019-11-20  |i 3646998  |o 299.514 MAS 2000  |p 3646998  |r 2025-01-17  |w 2019-11-20  |y BK  |k ICR 
952 |0 0  |1 0  |4 0  |6 299_514000000000000_MAS_2000  |7 0  |8 A  |9 342156  |a BIBTEO  |b BIBTEO  |d 2019-11-20  |i 3715477  |o 299.514 MAS 2000  |p 3715477  |r 2025-01-17  |w 2019-11-20  |y BK  |k ICR